Statistiche per Test di Memoria Visiva - Emoji Casuali

Clicka qui per fare il quiz!

Statistiche generali

  • Questo quiz è stato fatto 7.603 volte
  • Il punteggio medio è 7 su 16

Risposte nella Mappa

Le risposte nella mappa del quiz sottostante sono codificate secondo una scala di colori dal rosso al verde in base alla % di persone che hanno risposto correttamente.
 

Statistiche sulle risposte

RIPOSTA% Corretto
babbo natale
85%
rana
81%
montagna
78%
unicorno
78%
medico
73%
tigre
72%
cammello
70%
fermata
70%
finestra
65%
maiale
65%
hotel
63%
cane
61%
Stati Uniti
60%
cactus
57%
arcobaleno
56%
scala
56%
dado
55%
gorilla
54%
scimmia
54%
coccodrillo
53%
corona
53%
elefante
53%
rosa
53%
capocuoco
52%
carota
52%
giraffa
51%
pavone
51%
sedia
50%
mago
49%
sega
49%
topo
49%
cavallo
48%
ninja
48%
ombrello
48%
piede
48%
boomerang
47%
letto
47%
osso
47%
serpente
47%
serratura
47%
cerotto
46%
coccinella
46%
diamante
46%
fenicottero
45%
forbici
45%
mucca
45%
onda
45%
pesce
45%
aereo
44%
artista
44%
ascia
44%
candela
44%
coniglio
44%
palloncino
44%
mano
44%
pecora
44%
ragno
44%
albero
43%
chiave
43%
ciliegia
43%
mela
43%
amore
42%
luna
42%
pinguino
42%
procione
42%
canguro
41%
lampadina
41%
musica
41%
occhi
41%
bici
40%
bocca
40%
squalo
40%
ape
39%
campana
39%
uva
39%
zucca
39%
macchina fotografica
38%
matita
38%
pipistrello
38%
balena
37%
orecchio
37%
pollo
37%
applaudire
36%
lumaca
36%
telefono
36%
anatra
35%
tartaruga
35%
posta
33%
elicottero
32%
pallacanestro
32%
razzo
32%
barca
31%
mais
31%

Distribuzione punteggi

Percentile per numero di risposta

Percentuale di utenti per punteggio

I tuoi punteggi nel tempo

Non hai fatto questo quiz